Four mice deep in the jungle / (Record no. 1794)

MARC details
000 -LEADER
fixed length control field 00890cam a2200289 a 4500
005 - DATE AND TIME OF LATEST TRANSACTION
control field 20231002084513.0
020 ## - INTERNATIONAL STANDARD BOOK NUMBER
International Standard Book Number 0439559677 (pbk.)
040 ## - CATALOGING SOURCE
Original cataloging agency OCO
Transcribing agency OCO
Modifying agency XY4
-- OCLCQ
-- DLC
Language of cataloging eng
050 00 - LIBRARY OF CONGRESS CALL NUMBER
Classification number PZ7
Item number .F82534 2004
082 00 - DEWEY DECIMAL CLASSIFICATION NUMBER
Classification number [Fic]
Edition number 22
100 ## - MAIN ENTRY--PERSONAL NAME
Personal name Stilton, Geronimo
245 00 - TITLE STATEMENT
Title Four mice deep in the jungle /
Statement of responsibility, etc. Geronimo Stilton.
260 ## - PUBLICATION, DISTRIBUTION, ETC.
Place of publication, distribution, etc. New York :
Name of publisher, distributor, etc. Scholastic Inc.,
Date of publication, distribution, etc. 2004.
300 ## - PHYSICAL DESCRIPTION
Extent 110 pages :
Other physical details color illustrations, maps ;
Dimensions 20 cm
500 ## - GENERAL NOTE
General note "English translation... by Edizioni Piemme S.p.A."--T.p. verso.
505 ## - FORMATTED CONTENTS NOTE
Formatted contents note H
521 0# - TARGET AUDIENCE NOTE
Target audience note 460 <br/>
Source Lexile
521 1# - TARGET AUDIENCE NOTE
Target audience note H <br/>
Source Raz-Plus
650 #1 - SUBJECT ADDED ENTRY--TOPICAL TERM
Topical term or geographic name entry element Mice
Form subdivision Fiction.
650 #1 - SUBJECT ADDED ENTRY--TOPICAL TERM
Topical term or geographic name entry element Jungles
Form subdivision Fiction.
650 #1 - SUBJECT ADDED ENTRY--TOPICAL TERM
Topical term or geographic name entry element Journalists
Form subdivision Fiction.
650 #1 - SUBJECT ADDED ENTRY--TOPICAL TERM
Topical term or geographic name entry element Adventure and adventurers
Form subdivision Fiction.
650 #1 - SUBJECT ADDED ENTRY--TOPICAL TERM
Topical term or geographic name entry element Humorous stories.
906 ## - LOCAL DATA ELEMENT F, LDF (RLIN)
a 7
b cbc
c copycat
d 2
e ncip
f 20
g y-gencatlg
942 ## - ADDED ENTRY ELEMENTS (KOHA)
Source of classification or shelving scheme Dewey Decimal Classification
Koha item type Books
Suppress in OPAC No
999 ## -
-- 1794
-- 1794
Holdings
Withdrawn status Lost status Source of classification or shelving scheme Damaged status Not for loan Collection Home library Current library Shelving location Date acquired Total Checkouts Full call number Barcode Date last seen Date last checked out Price effective from Koha item type
    Dewey Decimal Classification     Juvenile Fiction Footprints International School Library Network Toul Kork Campus Footprints International School Library Network Toul Kork Campus TK Primary Library Room(4th Floor), Bookcase 1&2, Shelves 1-16, Dark Blue Books 10/02/2023 2 STI Fic PZ7.F82534 FISTK05267 10/11/2024 09/20/2024 10/02/2023 Books